[Event "2nd Sharjah Masters 2018"]
[Site "Sharjah"]
[Date "2018.04.15"]
[Round "5"]
[White "Tabatabaei, M amin"]
[Black "Arjun Kalyan"]
[Result "1-0"]
[WhiteElo "2605"]
[BlackElo "2397"]
[Annotator "TA"]
[PlyCount "73"]
[EventDate "2018.??.??"]
[EventType "swiss"]
[EventCountry "UAE"]
[SourceTitle "playchess.com"]
[Source "ChessBase"]
[SourceQuality "1"]

{[%evp 19,73,13,21,0,25,16,35,37,38,20,37,35,54,0,30,25,55,38,60,58,76,73,125,118,169,191,283,309,414,201,581,586,580,558,570,550,580,581,549,191,187,177,155,182,510,509,658,668,1093,1101,1072,1056,936,933,825,841]} 1. d4 Nf6 2. c4 g6 3. f3 Bg7 4. e4 d6 5. Ne2 O-O 6. Be3 c5 {E60: King's Indian: Unusual lines and Fianchetto Variation without Nc3} 7. d5 $146 (7. Qd2 Nc6 8. d5 Ne5 9. Nec3 Nh5 10. Be2 f5 11. Na3 f4 12. Bf2 Bd7 13. Nc2 a6 14. a4 {½-½ (54) Caruana,F (2811)-Bacrot,E (2711) Baden-Baden 2015}) ({Predecessor:} 7. Qd2 Nc6 8. d5 Ne5 9. Nec3 e6 10. Be2 exd5 11. cxd5 a6 12. a4 Ne8 13. O-O f5 14. exf5 gxf5 {½-½ (36) Barrish,D (2252)-Amonatov,F (2632) Johannesburg 2017}) 7... e6 8. Nec3 exd5 9. cxd5 a6 10. a4 Nbd7 {LiveBook: 3 Games} 11. Na3 Ne8 12. Be2 f5 13. exf5 $1 gxf5 14. Qd2 Ne5 15. O-O Qf6 16. Nc4 ({White should play} 16. Bg5 $14 Qg6 17. Nc4) 16... f4 {...Nxc4 is the strong threat.} 17. Bf2 $36 {[%mdl 2048] White has the initiative.} Qg6 {Hoping for ...Bh3.} 18. Kh1 $1 Nxc4 19. Bxc4 Qh5 20. Rfe1 Be5 {[#]} ({Black should try} 20... b6) 21. Bxc5 $1 $16 {[%mdl 512]} dxc5 (21... Bd7 $16 {might work better.}) 22. d6+ $1 $18 Kg7 (22... Kh8 $142) 23. Qd5 ({Much less strong is} 23. d7 $6 Nd6 $18) 23... Rf5 {next ...Nf6 is good for Black.} 24. d7 (24. Rxe5 $142 Rxe5 25. Qg8+ Kh6 26. Qf8+ Kg5 27. Ne4+ Rxe4 28. fxe4) 24... Nf6 $2 (24... Bxd7 {is more resistant.} 25. Qxd7+ Kh8) 25. d8=Q ({Not} 25. dxc8=R Nxd5 26. Rxa8 Bd4 $11) 25... Nxd5 26. Nxd5 Qg5 27. Qe8 ({Less strong is} 27. Ne7 Rf8 $16) 27... Bd6 28. Nb6 Rf8 29. Qe4 $2 (29. Nxa8 Rxe8 30. Rxe8) 29... Rb8 {[#]} 30. Rad1 $1 {[%cal Rd1d6]} Bf5 31. Qd5 Rfd8 $2 (31... Rf6 32. Re5 Rd8) 32. Qf7+ {White is clearly winning.} Kh8 {[#]} 33. Rxd6 $1 {[%mdl 512]} Rxd6 34. Re8+ Rxe8 35. Qxe8+ Kg7 36. Qf7+ Kh6 37. Qf8+ {Precision: White = 70%, Black = 30%.} 1-0

[Event "2nd Sharjah Masters 2018"]
[Site "Sharjah"]
[Date "2018.04.15"]
[Round "5"]
[White "Narayanan S L"]
[Black "Sidhant, Mohapatra"]
[Result "1-0"]
[WhiteElo "2568"]
[BlackElo "2382"]
[Annotator "TA"]
[PlyCount "57"]
[EventDate "2018.??.??"]
[EventType "swiss"]
[EventCountry "UAE"]
[SourceTitle "playchess.com"]
[Source "ChessBase"]
[SourceQuality "1"]

{[%evp 26,57,29,28,27,20,60,33,104,106,189,192,187,199,211,216,243,242,242,241,314,277,329,325,348,325,557,300,903,899,1097,1005,1305,897]} 1. e4 e5 2. Nf3 Nc6 3. Bb5 a6 4. Ba4 Nf6 5. O-O Be7 6. Re1 b5 7. Bb3 d6 8. c3 O-O 9. h3 Nb8 10. d4 Nbd7 11. c4 Bb7 12. Nc3 c6 13. a3 Re8 {C95: Closed Ruy Lopez: Breyer Variation with 10 d4} (13... h6 14. Be3 Re8 15. Ba2 Bf8 16. Qb3 Qe7 17. Nh4 exd4 18. Nf5 Qd8 19. Bxd4 Re6 20. cxb5 axb5 21. Rad1 Nb6 22. Re3 {1-0 (46) Safarli,E (2664)-Alekseev,E (2633) Nakhchivan 2016}) 14. Ba2 {[#] LiveBook: 3 Games} exd4 $146 ({Predecessor:} 14... Bf8 15. Qc2 exd4 16. Nxd4 d5 17. cxd5 cxd5 18. Bg5 dxe4 19. Qb3 Qe7 20. Nf5 Qe6 21. Qxe6 fxe6 {0-1 (39) Tsolakidou,S (2277)-Pancevski,F (2506) Kavala 2015}) 15. Nxd4 g6 {The position is equal.} 16. Bf4 {[%cal Rc4b5]} (16. cxb5 {is more complex.} axb5 17. Bf4 Nh5 18. Be3 Bf8 19. Nf5) 16... Ne5 (16... c5 $14) 17. cxb5 $16 cxb5 {[#]} (17... axb5 $16 18. Bxe5 dxe5 19. Bxf7+ Kh8) 18. Bxe5 $1 $18 dxe5 {[#]} 19. Bxf7+ $1 {[%mdl 512]} Kxf7 20. Qb3+ Nd5 21. Nf3 ({Weaker is} 21. exd5 exd4 22. d6+ Kg7 $11) ({Worse is} 21. Nxd5 Bxd5 22. exd5 exd4 $11) 21... Kg7 {Threatens to win with ...Nxc3.} 22. exd5 ({Don't take} 22. Nxd5 $6 Bc5) 22... Bf6 23. Rad1 Rc8 24. Ne4 Rc4 25. Qe3 h6 $2 (25... Rc7 {might work better.} 26. b4 Rf7 27. Nxf6 Rxf6 28. Nxe5 Rd6) 26. Qa7 Re7 $2 (26... Rxe4 27. Rxe4 Qd7) 27. Nxf6 {White is clearly winning.} Kxf6 28. Nxe5 Bxd5 29. Rxd5 {Precision: White = 73%, Black = 18%.} 1-0

[Event "2nd Sharjah Masters 2018"]
[Site "Sharjah"]
[Date "2018.04.15"]
[Round "5"]
[White "Abdusattorov, Nodirbek"]
[Black "Poormosavi, Seyed Kian"]
[Result "1-0"]
[WhiteElo "2540"]
[BlackElo "2218"]
[Annotator "TA"]
[PlyCount "91"]
[EventDate "2018.??.??"]
[EventType "swiss"]
[EventCountry "UAE"]
[SourceTitle "playchess.com"]
[Source "ChessBase"]
[SourceQuality "1"]

{[%evp 21,91,88,124,125,124,122,105,124,95,105,120,109,118,89,88,79,72,74,77,81,77,82,75,66,112,81,83,84,81,80,251,247,248,235,259,253,276,262,286,247,333,295,322,287,454,454,452,454,435,446,408,390,635,631,603,579,745,748,651,735,691,685,908,897,891,880,1884,1298,1721,1682,1199,1119]} 1. d4 Nf6 2. c4 e6 3. g3 d5 4. Nf3 Be7 5. Bg2 O-O 6. O-O b6 7. cxd5 exd5 8. Nc3 Bb7 9. Ne5 Nbd7 10. Qa4 Nxe5 11. dxe5 Nd7 12. Nxd5 {E18: Queen's Indian: Old Main Line (4 g3 Bb7 5 Bg2 Be7 6 0-0 0-0 7 Nc3)} Nc5 13. Qc4 (13. Qd1 c6 14. Nc3 Qc7 15. f4 Rfd8 16. Qc2 Ne6 17. Be3 c5 18. Bxb7 Qxb7 19. Qe4 Qxe4 20. Nxe4 Nd4 21. Kf2 {1-0 (44) Nguyen,V (2505)-Nguyen,T (2114) Ho Chi Minh City 2012}) 13... Bxd5 14. Qxd5 {White is better.} ({Inferior is} 14. Bxd5 b5 $17) 14... Qxd5 15. Bxd5 Rad8 16. Bc4 Ne4 $146 ({Predecessor:} 16... Rd4 17. b3 c6 18. Be3 Re4 19. Bf4 g5 20. f3 Rxc4 21. bxc4 gxf4 22. gxf4 Ne6 23. f5 Nf4 24. Rfd1 Bc5+ 25. Kf1 Kh8 {½-½ (28) Rupel,D (2138)-Lillebo,P Hendersonville 2006}) 17. Be3 (17. Bd3 {is interesting.} Nc5 18. Bc2 f6 19. b4 Na6 20. a3) 17... Nd2 18. Rfc1 {[#] aiming for Bd3.} (18. Bxd2 {with more complications.} Rxd2 19. Rab1 Rfd8 20. f4 c6 21. Bd3) 18... Nxc4 19. Rxc4 c5 20. Ra4 a5 21. Ra3 Rd5 22. Rb3 Rb8 23. a4 g5 24. f4 gxf4 25. gxf4 f5 $2 (25... f6 $16) 26. Kf2 Kf7 27. Kf3 Rd7 28. Rb5 Ke6 29. Rg1 Kf7 30. Rc1 Rdb7 31. Rd1 Ke6 32. Bf2 Rd7 (32... Rc8 $142 33. Rg1 Bd8) 33. Rxd7 $18 Kxd7 {[%mdl 4096] Endgame KRB-KRB} 34. e4 Ke6 35. Be1 Bd8 {[#]} 36. Bxa5 $1 {[%mdl 512]} Ra8 $2 (36... Rb7 37. Ke3 h5) (36... bxa5 37. Rxb8) 37. Bxb6 {White is clearly winning.} fxe4+ 38. Ke3 Kf5 39. a5 Rb8 40. e6 Kxe6 41. Kxe4 Bc7 42. Rxc5 Bd6 43. Rh5 Rf8 44. f5+ Kd7 45. Kd5 Be7 46. a6 {Precision: White = 90%, Black = 47%.} 1-0

[Event "2nd Sharjah Masters 2018"]
[Site "Sharjah"]
[Date "2018.04.15"]
[Round "5"]
[White "Haddouche, Mohamed"]
[Black "Bharath Subramaniyam H"]
[Result "1/2-1/2"]
[WhiteElo "2506"]
[BlackElo "1997"]
[Annotator "TA"]
[PlyCount "134"]
[EventDate "2018.??.??"]
[EventType "swiss"]
[EventCountry "UAE"]
[SourceTitle "playchess.com"]
[Source "ChessBase"]
[SourceQuality "1"]

{[%evp 25,134,40,49,0,21,0,10,9,0,0,49,0,28,25,37,0,7,0,68,0,0,-15,-7,-41,-34,-64,-71,-83,-79,-108,-103,-103,-50,-57,-47,-62,-60,-60,-40,-32,-25,-22,-29,-28,-30,-29,138,144,146,-25,67,0,0,0,0,0,0,0,0,-84,-84,-79,-79,-78,-78,-99,-93,-93,-93,-92,-78,-93,-90,-81,-78,-93,-78,-87,-86,-94,-94,-94,-94,-118,-118,-118,-118,-118,-118,-118,-118,-118,-118,-118,-118,-118,-118,-118,-118,-118,0,0,0,0,0,0,0,0,0,0,0]} 1. e4 c5 2. Nf3 e6 3. d4 cxd4 4. Nxd4 a6 5. Bd3 Nf6 6. Qe2 d6 7. O-O Qc7 8. c4 Be7 9. Nc3 O-O 10. f4 Nbd7 11. Kh1 Re8 {B42: Sicilian: Kan Variation: 5 Bd3} 12. Bd2 b6 13. Rae1 Bb7 {[#] LiveBook: 12 Games. White is slightly better.} 14. Bc1 $146 ({Predecessor:} 14. f5 e5 15. Nb3 h6 16. Nd5 Nxd5 17. cxd5 Qd8 18. Rc1 Nc5 19. Nxc5 dxc5 {½-½ (73) Balogh,C (2643)-Petr,M (2523) Eretria 2011}) 14... Rad8 15. Qf3 g6 16. Qh3 Bf8 17. Nf3 Bg7 18. Ng5 Nf8 19. Bd2 Bc6 20. a4 Qd7 21. Nf3 Nh5 (21... e5 $11) 22. Qh4 ({White should play} 22. f5 $14) 22... f5 $11 23. b3 Nf6 24. Qf2 Qb7 {[%cal Rf5e4]} 25. Qe2 N8d7 26. Bc2 Nc5 {[%cal Rf6e4]} 27. e5 dxe5 28. fxe5 Nfe4 (28... Ng4 $17 29. Bg5 Rc8) 29. Nxe4 $15 Bxe4 ({But not} 29... fxe4 $6 30. Ng5 $14) 30. Bg5 Rd7 31. Rd1 Bxc2 (31... Bf8 {feels hotter.} 32. Rxd7 Qxd7 33. Rd1 Qc7 34. Be3 Bb7) 32. Qxc2 Ne4 33. Rxd7 Qxd7 34. Be3 Qc7 35. Rd1 Rd8 $2 (35... Bf8 $11) 36. Rxd8+ $16 Qxd8 {[#]} 37. b4 $2 (37. a5 $1 $16) 37... Qc7 (37... Bf8 $11 38. Qb1 Qc7) 38. c5 (38. Qb3 $1 $14) 38... bxc5 $11 39. bxc5 Bf8 40. Qc4 {Threatens to win with c6.} Bxc5 41. Qxe6+ Kg7 42. Qc4 (42. Bxc5 $11 {keeps the balance.} Qxc5 43. h3) 42... Bb6 $36 {[%mdl 2048] White is under strong pressure.} 43. Qb3 Bxe3 44. Qxe3 Qc5 45. Qd4 Qxd4 46. Nxd4 {[%mdl 4096] Endgame KN-KN} Nc5 47. a5 Nb7 48. Ne6+ Kf7 49. Nc7 Nxa5 50. Nxa6 Ke6 51. Kg1 Kxe5 52. Nb4 Nc4 53. Kf2 Ke4 54. Nc2 f4 55. Ne1 Ne5 56. h3 g5 57. Nc2 Nd3+ 58. Ke2 h5 59. Na1 Nc5 60. Nc2 Na4 61. Ne1 Nc3+ 62. Kd2 g4 (62... Nd5 $17 {...Ne3 is the strong threat.} 63. Nf3 g4 64. hxg4 hxg4) 63. hxg4 $11 {The position is equal.} hxg4 {[#] aiming for ...Nd5.} 64. Kxc3 Ke3 65. Kc2 f3 (65... Ke2 $5 66. Nd3 $8 f3 67. Nc1+ Kf1 68. gxf3 gxf3 $11) 66. Nxf3 gxf3 67. gxf3 Kxf3 {Precision: White = 51%, Black = 47%.} 1/2-1/2

[Event "2nd Sharjah Masters 2018"]
[Site "Sharjah"]
[Date "2018.04.15"]
[Round "5"]
[White "Erigaisi Arjun"]
[Black "Naiditsch, Arkadij"]
[Result "0-1"]
[WhiteElo "2481"]
[BlackElo "2701"]
[Annotator "TA"]
[PlyCount "104"]
[EventDate "2018.??.??"]
[EventType "swiss"]
[EventCountry "UAE"]
[SourceTitle "playchess.com"]
[Source "ChessBase"]
[SourceQuality "1"]

{[%evp 16,104,62,76,89,93,69,85,72,72,74,96,128,137,138,142,159,135,139,141,152,118,130,126,179,66,104,71,72,59,81,71,76,45,59,43,48,43,176,191,192,0,-22,-10,0,0,0,0,0,0,0,0,0,0,0,0,5,0,7,0,0,0,0,0,0,0,0,0,0,0,0,-51,-51,-1095,-1095,-4562,-4562,-4562,-4562,-4562,-4562,-4562,-4562,-4562,-4562,-4562,-4562,-4562,-4562,-4562,-4562]} 1. d4 Nf6 2. c4 g6 3. Nc3 Bg7 4. e4 d6 5. Be2 O-O 6. Bg5 Na6 7. f4 c5 8. d5 h6 {E73: King's Indian: Averbakh Variation without 6...c5} 9. Bh4 $1 {LiveBook: 4 Games} Qa5 {aiming for ...Nxe4.} 10. Qd2 $1 b5 $146 {White is better.} ({Find the theoretical novelty and annotate with similar games:} 10... Re8 11. Nf3 Bg4 12. O-O Nd7 13. h3 Bxf3 14. Rxf3 Bd4+ 15. Kh1 Kg7 16. Raf1 {1-0 (41) Krush,I (2452)-Hagesaether,E (2239) Dresden 2008}) 11. cxb5 {[%cal Bc4b5,Bb5b6][%mdl 32]} Nc7 12. Nf3 a6 {[%cal Ra6b5]} 13. b6 Nb5 14. e5 $36 {[%mdl 2048] White is in control.} dxe5 15. fxe5 Nd7 {[%cal Bf6d7,Bd7b6,Bb6c4][%mdl 32]} 16. Bxe7 Re8 17. d6 Nxb6 18. Ne4 Qxd2+ 19. Kxd2 ({But not} 19. Nexd2 $6 Nd5 $14) 19... Rb8 (19... Bb7 $16 {is a better defense.}) 20. Bxb5 (20. Nxc5 $18 Na7 21. Bxa6 (21. Nxa6 Bxa6 22. Bxa6 Nd5 $16)) 20... axb5 $14 21. Nf6+ Bxf6 22. exf6 Nc4+ 23. Kc3 Be6 24. Rae1 b4+ 25. Kc2 {Threatens to win with Rxe6!} Bf5+ 26. Kc1 $1 b3 ({Better is} 26... Nb6 $14) 27. a3 $1 $18 Rb6 {[#]} 28. Rd1 $2 (28. Re5 $1 $18 {[%cal Re5f5][%mdl 512]} Nxe5 29. Nxe5) 28... Ra8 $1 $11 {[%cal Ra8a3]} 29. Nd2 $1 {[%cal Rd2c4]} ({Don't go for} 29. d7 $2 Rxa3 $1 {[%mdl 512]} 30. d8=R+ Kh7 $19) 29... Nxd6 30. Bxd6 Rxd6 31. Nxb3 Rxf6 32. Nxc5 Rc6 33. b4 Rxa3 {And now ...Rb3 would win.} 34. Kb2 Ra8 35. Rd4 h5 36. h3 Kg7 37. g4 Be6 38. Nxe6+ Rxe6 39. gxh5 {[%mdl 4096] Endgame KRR-KRR} Re2+ 40. Kb3 Re3+ 41. Kc4 Rc8+ 42. Kd5 f6 {White must now prevent ...Re5+.} 43. Rg4 ({White should try} 43. Rc4 $11 Rd3+ 44. Ke4 Rxc4+ 45. Kxd3 Rxb4 46. hxg6) 43... g5 $1 $15 {[%mdl 1024] Strongly threatening ...Rd3+. Black has compensation.} 44. h4 $2 {[%mdl 8192] [#]} (44. h6+ $15 Kxh6 45. Rb1) 44... Rd3+ $1 $19 {Black is clearly winning.} 45. Ke4 {[#]} Rcd8 $1 {[%cal Rd8d4] ( -> ...R8d4+)} 46. Rf1 R8d4+ 47. Kf5 Rd5+ 48. Ke4 {[#]} f5+ $1 {[%mdl 512]} 49. Rxf5 R5d4+ 50. Ke5 Rxg4 51. hxg5 Re3+ 52. Kd6 Rxb4 {Precision: White = 52%, Black = 70%.} 0-1

[Event "2nd Sharjah Masters 2018"]
[Site "Sharjah"]
[Date "2018.04.15"]
[Round "5"]
[White "Vignesh N R"]
[Black "Kravtsiv, Martyn"]
[Result "1-0"]
[WhiteElo "2475"]
[BlackElo "2680"]
[Annotator "TA"]
[PlyCount "89"]
[EventDate "2018.??.??"]
[EventType "swiss"]
[EventCountry "UAE"]
[SourceTitle "playchess.com"]
[Source "ChessBase"]
[SourceQuality "1"]

{[%evp 27,89,0,0,0,0,0,19,0,38,25,31,7,11,19,17,14,14,0,0,-7,0,-65,18,24,39,22,64,61,32,36,35,5,60,83,112,77,112,108,145,145,364,186,390,211,309,310,259,227,163,153,467,466,507,463,596,575,582,557,962,953,1298,1269,1529,1434]} 1. e4 e6 2. d4 d5 3. Nd2 Nf6 4. e5 Nfd7 5. Bd3 c5 6. c3 Nc6 7. Ngf3 g6 8. O-O Bg7 9. Re1 O-O 10. Nf1 {C06: French Tarrasch: 3...Nf6 4 e5 Nfd7 5 Bd3 main lines} cxd4 (10... Qb6 11. dxc5 Qc7 12. Bf4 Ncxe5 13. Nxe5 Bxe5 14. Bxe5 Nxe5 15. Bc2 Nd7 16. b4 b6 17. cxb6 axb6 {0-1 (53) Guseinov,G (2613)-Vallejo Pons,F (2698) Dubai 2014}) 11. cxd4 Qb6 12. Bc2 f6 13. exf6 Nxf6 14. Rb1 Bd7 {LiveBook: 5 Games} 15. a3 Rac8 16. h3 Nh5 {[%cal Rc6d4]} 17. Be3 Na5 $146 (17... Rxf3 $5 18. Qxf3 Nxd4 $11) ({Find the theoretical novelty and annotate with similar games:} 17... Qc7) 18. Ng5 {Black must now prevent Nxh7!} Nf6 19. b3 Nc6 20. Ng3 Ne7 21. Nf3 Nf5 22. Bf4 Nxg3 23. Bxg3 Nh5 24. Ne5 (24. Be5 $11) 24... Be8 (24... Qc7 $1 $15 25. Nxd7 Qxd7) 25. Bh2 $1 $11 Qa5 26. Ra1 Bh6 27. Ng4 $36 {[%mdl 2048] White has some pressure.} Bf4 28. Bd3 Qb6 29. Bf1 Rc3 (29... Bxh2+ $11 30. Nxh2 Rc3) 30. Bxf4 $14 Rxf4 31. Rc1 Rxc1 32. Qxc1 Kg7 33. b4 Bf7 $2 {[#]} (33... Kh8 $16 34. g3 Rf3) 34. Rd1 (34. g3 $142 Re4 35. Rxe4 dxe4 36. Qh6+ Kg8 37. Qe3) 34... Bg8 $2 (34... Be8 {might work better.} 35. Qc8 Rf8) 35. Qc3 (35. Qe3 $142) 35... Qd6 (35... Rf7 $142 36. Qe3 Nf6) 36. Qe3 $18 Rf8 37. Qh6+ Kh8 38. Ne5 {[%csl Gh6][%cal Re5g6] [#]} Rf6 $2 (38... Bf7 $16 {is more resistant.} 39. Rc1 Kg8) 39. Rc1 {White is clearly winning.} Qd8 40. Rc3 Ng7 41. g4 Bf7 42. Qc1 Ne8 43. Rc8 Qe7 44. Bb5 Kg7 45. Bxe8 {Precision: White = 59%, Black = 28%.} 1-0

[Event "2nd Sharjah Masters 2018"]
[Site "Sharjah"]
[Date "2018.04.15"]
[Round "5"]
[White "Iniyan, P."]
[Black "Zhu, Yilun"]
[Result "1-0"]
[WhiteElo "2466"]
[BlackElo "2195"]
[Annotator "TA"]
[PlyCount "193"]
[EventDate "2018.??.??"]
[EventType "swiss"]
[EventCountry "UAE"]
[SourceTitle "playchess.com"]
[Source "ChessBase"]
[SourceQuality "1"]

{[%evp 18,193,0,0,12,-36,13,9,108,112,142,166,137,112,98,29,31,39,40,77,66,28,114,102,152,140,148,88,86,81,83,94,166,172,158,163,164,157,156,103,133,101,104,102,102,102,100,101,99,97,94,89,98,56,82,82,113,94,113,93,95,101,94,100,113,113,140,113,113,91,113,99,113,113,113,0,113,113,137,113,114,113,133,112,129,128,128,116,116,33,160,163,178,156,191,155,169,168,161,162,206,160,288,270,479,379,372,371,480,476,406,395,389,370,347,279,276,233,280,282,277,268,1401,1080,846,784,3954,2962,5173,1678,5687,4830,29963,29970,29970,29971,29971,29971,29972,29974,29974,29976,29975,29976,29977,29978,29975,29979,29977,29979,29981,29978,29976,29971,29969,29971,29966,29967,29983,29984,29993,29985,29994,29995,29996,29993,29993,29988,29988,29989,29989,29990,29990,29988,29991,29992,29995,4134]} 1. d4 Nf6 2. c4 e6 3. a3 d5 4. Nc3 c5 5. e3 a6 6. Nf3 Nc6 7. h3 {D40: Queen's Gambit Declined: Semi-Tarrasch with 5 e3} dxc4 8. Bxc4 b5 9. Ba2 Bb7 10. O-O {LiveBook: 3 Games} Qc7 11. Qc2 $146 ({Find the theoretical novelty and annotate with similar games:} 11. Qe2 Rd8 12. Rd1 Be7 13. d5 exd5 14. Nxd5 Nxd5 15. Bxd5 O-O 16. e4 Na5 {½-½ (40) Nepomniachtchi,I (2766)-So,W (2789) Leuven 2017}) 11... cxd4 12. exd4 Rd8 {[#]} (12... b4 $11 13. Na4 Bd6) 13. d5 $1 $16 {[%mdl 512] Hoping for Re1.} Nxd5 (13... exd5 14. Bg5) 14. Nxd5 exd5 15. Bg5 $1 f6 16. Bd2 (16. Rfe1+ $16 Be7 17. Be3) 16... Bd6 $1 $11 17. Rac1 Qf7 18. Rfe1+ Ne5 19. Ba5 $36 {[%mdl 2048] White is pushing.} O-O (19... Rd7 $11) 20. Nxe5 $16 fxe5 21. Bxd8 Rxd8 22. Qd2 (22. Rcd1 $142 $1) 22... Bc7 23. Rc3 {[%cal Bc1c3,Bc3d3,Bd3d5][%mdl 32]} Kh8 24. Rd3 h6 {[#]} (24... Qe6 $16 {might work better.}) 25. Rd1 $1 $18 {[%cal Ra2d5]} Bb6 26. Bxd5 Bxd5 27. Rxd5 Rf8 28. Rf1 (28. Kh1 $142) 28... e4 $16 {White must now prevent ...e3!} 29. Re5 {aiming for Qe2.} e3 30. Rxe3 Bxe3 31. Qxe3 {[%mdl 4096] Endgame KQR-KQR} Re8 32. Qd3 Qf6 33. Qc2 a5 34. Rd1 b4 35. Rd3 (35. axb4 {NOTEXT} axb4 36. Qd2 b3 37. Rc1 Rd8 38. Qe2) 35... bxa3 36. bxa3 Rf8 37. Qd2 Qb6 38. Qe3 Qb1+ 39. Kh2 Qb8+ 40. Qg3 Qb5 41. Rc3 Qb2 42. Rc7 Qd4 43. Rc2 Qe4 44. Rd2 Qe6 45. Qc3 Qf5 46. Qg3 Qe6 $1 47. Rd4 Qe7 48. Rg4 Rd8 49. Qc3 Rd5 50. Rc4 Qd6+ 51. g3 {Strongly threatening Rc8+.} Rf5 52. Rc8+ Rf8 53. f4 ({Better is} 53. a4 $16) 53... a4 (53... Rd8 $14) 54. Rc6 Qd5 55. Rxh6+ $1 Kg8 56. Rb6 Re8 {( -> ...Re2+)} 57. Rb2 Qd1 58. Qc4+ Kh8 59. f5 Qf3 {[#]} (59... Kh7 $16 60. Kg2 Rd8) 60. Qg4 $1 $18 {[%cal Rg4f3]} ({And not} 60. Qxa4 Re2+ 61. Rxe2 Qxe2+ 62. Kh1 (62. Kg1 Qe1+ 63. Kh2 Qf2+ 64. Kh1 Qf1+ 65. Kh2 Qf2+ 66. Kh1 Qf1+ 67. Kh2 Qf2+ $11) 62... Qf1+ 63. Kh2 Qf2+ 64. Kh1 Qf1+ 65. Kh2 Qf2+ 66. Kh1 Qf1+ $11) 60... Qe3 $2 (60... Qc6 61. Qh5+ Kg8) 61. Qh4+ Kg8 62. Qxa4 Kh7 63. Qh4+ Kg8 64. Qc4+ Kh8 65. Qf7 Rd8 66. h4 Qxa3 67. Rf2 {White wants to mate with f6.} Qe3 68. Qh5+ Kg8 69. Qf3 Qxf3 $2 (69... Qh6 70. Qb3+ Kh7) 70. Rxf3 {KR-KR} Kf7 71. Kh3 Rd4 72. Rf4 Rd5 73. Kg4 (73. h5 $142 Re5 74. Kg4) 73... Kf6 74. Ra4 Rd6 75. Re4 {White mates.} Rd3 76. Re6+ Kf7 77. Kf4 Rd4+ 78. Kg5 Ra4 79. g4 Ra5 80. Rb6 Rc5 81. h5 Rc4 82. h6 gxh6+ 83. Rxh6 Kg7 84. Ra6 Rc7 85. Ra4 Rb7 86. Kf4 Kg8 87. g5 {[%cal Bg4g5,Bg5g6][%mdl 32]} Rb1 88. g6 Rb7 89. Kg5 Rb8 90. f6 Kh8 91. Rh4+ Kg8 92. f7+ Kf8 93. Rh8+ Kg7 {[#]} 94. f8=Q+ $1 Rxf8 95. Rxf8 Kxf8 96. Kf6 Kg8 97. g7 {Precision: White = 67%, Black = 39%.} 1-0

[Event "2nd Sharjah Masters 2018"]
[Site "Sharjah"]
[Date "2018.04.15"]
[Round "5"]
[White "Sundararajan, Kidambi"]
[Black "Nikhil Magizhnan"]
[Result "1-0"]
[WhiteElo "2436"]
[BlackElo "2105"]
[Annotator "TA"]
[PlyCount "59"]
[EventDate "2018.??.??"]
[EventType "swiss"]
[EventCountry "UAE"]
[SourceTitle "playchess.com"]
[Source "ChessBase"]
[SourceQuality "1"]

{[%evp 20,58,6,18,59,20,52,39,26,30,23,18,84,94,293,237,233,229,228,231,256,106,119,121,152,128,191,194,286,259,799,816,812,770,775,707,745,676,29997,29998,29999]} 1. d4 Nf6 2. Nf3 e6 3. e3 b6 4. Bd3 Bb7 5. O-O Be7 6. c4 O-O 7. Nc3 {[%cal Bb1c3,Bc3e2,Be2g3][%mdl 32]} d5 8. cxd5 exd5 9. b3 a6 {E14: Queen's Indian: Classical Variation (4 e3)} 10. Bb2 Bd6 (10... Nbd7 11. Ne5 Bd6 12. Ne2 Re8 13. f4 Ne4 14. Ng3 Nf8 15. Nxe4 dxe4 16. Bc4 Re7 17. Qh5 g6 18. Qh6 Bxe5 19. dxe5 b5 20. Rad1 Qe8 {1-0 (43) Nakamura,H (2780)-Topalov,V (2749) Saint Louis 2017}) 11. Ne5 {LiveBook: 5 Games} c5 {The position is equal.} 12. Ne2 Nbd7 $146 ({Predecessor:} 12... Nc6 13. Nxc6 Bxc6 14. dxc5 bxc5 15. Ng3 Re8 {½-½ (65) Ben Artzi,I (2359)-Golod,V (2559) Beersheba 2014}) 13. Ng3 g6 14. f4 Qe7 15. Qf3 cxd4 (15... b5 $11 {remains equal.}) 16. exd4 $16 Ba3 $2 {[#]} (16... Rfe8 $16 {was worth a try.}) 17. Nf5 $1 $18 {[%cal Rf5e7][%mdl 512]} gxf5 18. Bxa3 Qxa3 19. Bxf5 Bc8 {...Nxe5 is the strong threat.} 20. Nxd7 (20. Qg3+ $18 {and the rest is easy.} Kh8 21. Qh4) 20... Bxd7 $16 21. Bxd7 Qb2 22. Rad1 {[%cal Ba1d1,Bd1d3,Bd3g3][%mdl 32]} Qxa2 (22... Qc2 $16 {might work better.} 23. Qh3 Nxd7) 23. Bf5 $18 Qa3 (23... Kh8 $142 24. Rfe1 Rg8) 24. Qh3 Kh8 $2 (24... Kg7 25. Rd3 Rg8) 25. Qh6 Qe7 26. Rfe1 Qd8 27. Rd3 {Intending Rg3 and mate.} Rg8 28. Rg3 Ra7 {[#]} 29. Re8 $1 {[%mdl 512]} Rxe8 (29... Qxe8 30. Qxf6+) 30. Qg7# {Precision: White = 60%, Black = 20%.} 1-0